<?xml version="1.0" encoding="UTF-8"?>
<record
    xmlns:xsi="http://www.w3.org/2001/XMLSchema-instance"
    xsi:schemaLocation="http://www.loc.gov/MARC21/slim http://www.loc.gov/standards/marcxml/schema/MARC21slim.xsd"
    xmlns="http://www.loc.gov/MARC21/slim">

  <leader>00672nab a2200205uuc4500</leader>
  <controlfield tag="001">1246044</controlfield>
  <controlfield tag="005">20240416092042.0</controlfield>
  <controlfield tag="008">110620s1994                        spa  </controlfield>
  <datafield tag="035" ind1=" " ind2=" ">
    <subfield code="a">1246044</subfield>
  </datafield>
  <datafield tag="035" ind1=" " ind2=" ">
    <subfield code="a">(OCoLC)820586626</subfield>
  </datafield>
  <datafield tag="040" ind1=" " ind2=" ">
    <subfield code="c">comduadb</subfield>
  </datafield>
  <datafield tag="041" ind1=" " ind2=" ">
    <subfield code="a">spa</subfield>
  </datafield>
  <datafield tag="100" ind1="1" ind2="0">
    <subfield code="a">Correa Uribe, Jorge Enrique</subfield>
    <subfield code="4">aut</subfield>
    <subfield code="e">aut</subfield>
    <subfield code="9">546120</subfield>
  </datafield>
  <datafield tag="245" ind1="1" ind2="0">
    <subfield code="a">&#xBF;Existen psicoterapias de orientaci&#xF3;n psicoanal&#xED;tica?</subfield>
  </datafield>
  <datafield tag="650" ind1=" " ind2="7">
    <subfield code="a">Psicoterapia</subfield>
    <subfield code="2">lemb</subfield>
    <subfield code="9">2359</subfield>
  </datafield>
  <datafield tag="650" ind1=" " ind2="7">
    <subfield code="a">Psicoan&#xE1;lisis</subfield>
    <subfield code="2">lemb</subfield>
    <subfield code="9">50288</subfield>
  </datafield>
  <datafield tag="650" ind1=" " ind2=" ">
    <subfield code="a">Cl&#xED;nica psicoanal&#xED;tica</subfield>
    <subfield code="9">21520</subfield>
  </datafield>
  <datafield tag="773" ind1="0" ind2=" ">
    <subfield code="t">Psique. Revista de Psicolog&#xED;a (Medell&#xED;n)</subfield>
    <subfield code="g">N&#xFA;mero 05, Agosto 1994, p. 29-32</subfield>
    <subfield code="w">315604</subfield>
    <subfield code="x">0121-8913</subfield>
    <subfield code="0">104920</subfield>
  </datafield>
  <datafield tag="942" ind1=" " ind2=" ">
    <subfield code="c">ARIMP</subfield>
  </datafield>
  <datafield tag="999" ind1=" " ind2=" ">
    <subfield code="c">589155</subfield>
    <subfield code="d">589155</subfield>
  </datafield>
</record>
